000 00340nam a2200133Ia 4500
008 240624s9999 xx 000 0 und d
041 _aeng
082 _a658.152 FIG
100 _aFIGHT ANDREW
245 _aINTRODUCTION TO PROJECT FINANCE
260 _c2007
_aNew Delhi
_bElsevier
300 _aviii, : 205 : p. : cm. ; 23
365 _cRS
_b33
999 _c4675
_d4675